| 000 | 00418cam a2200181 4500 | ||
|---|---|---|---|
| 001 | D9068 | ||
| 008 | 090401t1979 xxu||||| |||| 00| 0 eng d | ||
| 035 | _a(Sirsi) u17247 | ||
| 041 | _aeng | ||
| 050 | _a333.332 | ||
| 100 | _aStrathon, R.N. | ||
| 245 | _aProperty valuation Handbook: an introduction | ||
| 260 |
_aReading _bCALUS _c1979 |
||
| 300 | _a4p. 25cm | ||
| 350 | _a0 | ||
| 942 | _n0 | ||
| 948 | _c04/03/1997 | ||
| 999 |
_c87489 _d87489 |
||